Statistics for North America City Skyline Quiz :: 3

Click here to take the quiz!

General Stats

  • This quiz has been taken 21 times
  • The average score is 9 of 15

Answer Stats

Answer% Correct
Chicago
100%
New York
94%
Washington, DC
94%
Houston
76%
Miami
76%
Los Angeles
76%
Detroit
71%
Jacksonville
59%
Havana
59%
Indianapolis
59%
San Antonio
53%
Tucson
35%
El Paso
29%
Guadalajara
24%
Oakland
12%

Score Distribution

Percentile by Number Answered

Percent of People with Each Score

Your Score History

You have not taken this quiz